| 000 | 00408cam a2200181ua 4500 | ||
|---|---|---|---|
| 020 | _c5 | ||
| 041 |
_ahin _h |
||
| 082 |
_a891.54 _bPRE/SE |
||
| 100 | _aPremchand, . | ||
| 245 |
_aSevasadan / _cPremchand. _hTextual Documents |
||
| 250 |
_a1 / _b. |
||
| 260 |
_aNew Delhi : _bSaraswathi Press , _c1962. |
||
| 300 | _a240 ; . | ||
| 365 | _a5 | ||
| 504 | _a | ||
| 942 | _cBK | ||
| 999 |
_c11493 _d11493 |
||